| 000 | 01543nam a2200421Ii 4500 | ||
|---|---|---|---|
| 001 | DIGOVENEG059 | ||
| 003 | NyNyDIG | ||
| 006 | m o d | ||
| 007 | cr ||||||||||| | ||
| 008 | 140301s2012 ck ob 000 0 spa d | ||
| 020 | _z9789587650136 | ||
| 020 | _z9587650131 | ||
| 040 |
_aDGITA _beng _epn _cDGITA |
||
| 043 | _as-ck--- | ||
| 050 | 1 | 4 | _aJL2840 eBook |
| 050 | 1 | 4 | _aKHH3120 eBook |
| 100 | 1 | _aDuque Daza, Javier. | |
| 245 | 1 | 3 |
_aEl presidente y las cortes : _blas Altas Cortes en Colombia y sus relaciones con el poder ejecutivo / _cJavier Duque Daza. |
| 250 | _a1a. ed. | ||
| 264 | 1 |
_aBogotá, Colombia : _bEditorial Oveja Negra ; _aCali, Colombia : _bUniversidad del Valle, Programa Editorial, _c2012. |
|
| 300 | _a1 online resource (282 pages) | ||
| 336 |
_atext _btxt _2rdacontent |
||
| 337 |
_acomputer _bc _2rdamedia |
||
| 338 |
_aonline resource _bcr _2rdacarrier |
||
| 490 | 1 | _aColección Artes y humanidades | |
| 504 | _aIncludes bibliographical references (p. 271-282). | ||
| 650 | 0 |
_aExecutive power _zColombia. |
|
| 650 | 0 |
_aJudicial power _zColombia. |
|
| 650 | 0 |
_aSeparation of powers _zColombia. |
|
| 650 | 0 |
_aPresidents _zColombia. |
|
| 655 | 0 | _aElectronic books. | |
| 791 | 2 |
_aDigitalia (Firm), _edistributor. |
|
| 830 | 0 | _aColección Artes y humanidades (Universidad del Valle) | |
| 793 | 0 |
_gDigitalia eBook Collection: _aEditorial Oveja Negra. |
|
| 856 | 4 | 0 |
_3Digitalia Hispánica _uhttps://www.digitaliapublishing.com/a/19903/ |
| 910 | _aPremium Collection: 2007-2012 | ||
| 942 | _cRAA | ||
| 999 |
_c236705 _d236705 |
||